El significado del significado : una investigación sobre la influencia del lenguaje en el pensamiento /

Guardado en:
Autor Principal: Ogden, C. K.
Formato: Libro
Publicado: Buenos Aires : Paidos, 1964
Edición:2a. ed.
Materias:
Etiquetas: Agregar Etiqueta
Sin Etiquetas, Sea el primero en etiquetar este registro!
LEADER 00663nam a22002175a 4500
001 CEM.cems004741
005 20060217000000.0
008 130507s1964##################000#0#####d
003 CEMS
082 0 4 |a 412 
100 1 |a Ogden, C. K. 
245 1 0 |a El significado del significado :  |b una investigación sobre la influencia del lenguaje en el pensamiento / 
250 |a 2a. ed. 
260 |a Buenos Aires :  |b Paidos,  |c 1964 
300 |a 381 p. 
653 |a Lenguaje y pensamiento 
653 |a Percepcion-signos 
653 |a Simbolismo 
653 |a Teoria de la definicion 
653 |a Teoria de los signos 
859 |a CEMS  |b BIB. CEMS - 11 de abril  |h 412  |i Og2  |p 365.73  |t Ej.1